Slownik terminologii prawniczej angielsko-polska

Saved in:
Bibliographic Details
Main Author: Ozga, Ewa
Format: Book
Language:Polish
English
Published: Bydgoszcz Oficyna Wydawnicza BRANTA 1998
Subjects:
Tags: Add Tag
No Tags, Be the first to tag this record!

MARC

LEADER 00000nam a2200000 4500
001 c120139
005 20221221084752.9
020 |a 83-86605-39-1 
041 0 |a pol 
041 0 |a eng 
044 |a PL 
245 1 0 |a Slownik terminologii prawniczej  |b angielsko-polska  |c Ewa Ozga 
264 1 |a Bydgoszcz  |b Oficyna Wydawnicza BRANTA  |c 1998 
300 |a 660 s. 
610 2 0 |a právo 
610 2 0 |a terminológia 
610 2 0 |a jazykoveda 
610 2 0 |a jazyky cudzie 
100 1 |a Ozga, Ewa